Second language learning theories
Guardat en:
| Autors principals: | , |
|---|---|
| Format: | Llibre |
| Idioma: | anglès |
| Publicat: |
Londres
Arnold
1998
|
| Matèries: | |
| Etiquetes: |
Afegir etiqueta
Sense etiquetes, Sigues el primer a etiquetar aquest registre!
|
MARC
| LEADER | 00000cam a2200000 a 4500 | ||
|---|---|---|---|
| 001 | UCN1770 | ||
| 003 | CL-VaPUC | ||
| 008 | 010504e19980000UK |||||||||||||||||eng|d | ||
| 082 | 0 | 4 | |a 401.93 |b MIT |2 21 |
| 100 | |a Mitchell, Rosamond |e autora |9 582418 | ||
| 700 | 0 | |a Myles, Florence |e author |9 457102 | |
| 245 | 1 | 0 | |a Second language learning theories |
| 300 | |a 228 p | ||
| 942 | |c BK | ||
| 945 | |d 20010504 00:00:00 |a vberengu | ||
| 260 | |a Londres |b Arnold |c 1998 | ||
| 650 | 0 | |a Adquisición del lenguaje |9 309032 | |
| 650 | 0 | |a Lingüística |9 265068 | |
| 650 | 0 | |a Aprendizaje |9 254827 | |
| 650 | 0 | |a Educación lingüística |9 306506 | |
| 583 | |a last modification |c 20121105 11:51:40 |k Rodrigo Vera | ||
| 999 | |c 295000 |d 294998 | ||
| 952 | |0 0 |1 0 |4 0 |6 401_930000000000000_MIT_1998 |7 0 |8 A |9 347818 |a FDOPOS |b FDOPOS |d 2019-11-20 |i 3719537 |o 401.93 MIT 1998 |p 3719537 |r 2025-01-22 |w 2019-11-20 |y BK |k MLA | ||
| 952 | |0 0 |1 0 |4 0 |6 401_930000000000000_MIT_1998 |7 0 |8 A |9 347819 |a FDOPOS |b FDOPOS |d 2019-11-20 |i 3773892 |o 401.93 MIT 1998 |p 3773892 |r 2025-01-22 |w 2019-11-20 |y BK |k MLA | ||
| 952 | |0 0 |1 0 |4 0 |6 401_930000000000000_MIT_1998 |7 0 |8 A |9 347820 |a FDOPOS |b FDOPOS |d 2019-11-20 |i 3773906 |o 401.93 MIT 1998 |p 3773906 |r 2025-01-22 |w 2019-11-20 |y BK |k MLA | ||
| 952 | |0 0 |1 0 |4 0 |6 401_930000000000000_MIT_1998 |7 0 |8 A |9 347821 |a BIBEDU |b BIBEDU |d 2019-11-20 |i 4922026 |l 1 |o 401.93 MIT 1998 |p 4922026 |r 2022-09-15 |s 2022-09-08 |w 2019-11-20 |y BK |k LIT | ||